[Event "Zudov Memorial-B 6th"]
[Site "Nizhnij Tagil"]
[Date "2010.06.29"]
[Round "4"]
[White "Baraeva, Irina"]
[Black "Sufiev, Rinat"]
[Result "0-1"]
[WhiteElo "2061"]
[BlackElo "2200"]
[PlyCount "44"]
[EventDate "2010.06.25"]
[EventType "tourn"]
[EventRounds "9"]
[EventCountry "RUS"]
[SourceTitle "EXT 2011"]
[Source "ChessBase"]
[SourceDate "2010.11.26"]
[SourceVersion "1"]
[SourceVersionDate "2010.11.26"]
[SourceQuality "1"]

1. d4 d5 2. Nf3 Nf6 3. c4 dxc4 4. Nc3 Nbd7 5. Bg5 Nb6 6. e3 c6 7. Ne5 Be6 8. Rc1 g6 9. Nb1 Ne4 10. Bf4 Bg7 11. a4 g5 12. f3 gxf4 13. fxe4 Bxe5 14. dxe5 Qxd1+ 15. Rxd1 fxe3 16. Nc3 Nd7 17. h3 Rg8 18. g4 0-0-0 19. Ke2 h5 20. gxh5 Rg3 21. Rb1 Nxe5 22. Nd1 Rd2+ 0-1

[Event "Nizhnij Tagil op"]
[Site "Nizhnij Tagil"]
[Date "2008.12.08"]
[Round "4"]
[White "Kaliberda, Vladimir"]
[Black "Sufiev, Rinat"]
[Result "1-0"]
[WhiteElo "2323"]
[BlackElo "2202"]
[PlyCount "79"]
[EventDate "2008.12.06"]
[EventType "swiss"]
[EventRounds "11"]
[EventCountry "RUS"]
[SourceTitle "EXT 2010"]
[Source "ChessBase"]
[SourceDate "2010.11.25"]
[SourceVersion "1"]
[SourceVersionDate "2010.11.25"]
[SourceQuality "1"]

1. d4 d5 2. Nf3 Nf6 3. c4 dxc4 4. Nc3 Nc6 5. d5 Na5 6. Qa4+ c6 7. b4 cxb3 8. axb3 e6 9. b4 b5 10. Qxa5 Qxa5 11. bxa5 b4 12. Na4 exd5 13. Be3 Ne4 14. Nd2 Nc3 15. Bc5 Nxa4 16. Bxf8 Rxf8 17. Rxa4 c5 18. e4 Bd7 19. Ra1 c4 20. exd5 c3 21. Nb3 Kd8 22. Bd3 Re8+ 23. Kd1 Re5 24. Kc2 Rxd5 25. Rhd1 Ke7 26. Be4 Bf5 27. Bxf5 Rxf5 28. f3 g5 29. Rd4 Re5 30. Kd3 Rb8 31. Ra4 Reb5 32. Rc4 Kf6 33. Rd4 h5 34. Ra2 Re8 35. Re2 Rxe2 36. Kxe2 Ke5 37. Rd7 a6 38. Rxf7 Rd5 39. Rb7 Kf4 40. Rxb4+ 1-0

[Event "RUS-ch sf Urals 60th"]
[Site "Nizhnij Tagil"]
[Date "2007.03.19"]
[Round "6"]
[White "Efanov, Nikolai Aleksandrov"]
[Black "Sufiev, Rinat"]
[Result "1-0"]
[WhiteElo "2312"]
[BlackElo "2163"]
[PlyCount "44"]
[EventDate "2007.03.14"]
[EventType "swiss"]
[EventRounds "9"]
[EventCountry "RUS"]
[SourceTitle "CBM 117 Extra"]
[Source "ChessBase"]
[SourceDate "2007.05.09"]
[SourceVersion "1"]
[SourceVersionDate "2007.05.09"]
[SourceQuality "1"]

1. e4 g6 2. d4 c6 3. Nc3 d5 4. Nf3 Bg7 5. h3 Nh6 6. Bf4 Qb6 7. Qd2 dxe4 8. Ne5 Nf5 9. 0-0-0 Be6 10. Nxe4 0-0 11. Nc5 Bc8 12. Bc4 a5 13. a4 Qa7 14. g4 Nd6 15. Ba2 Na6 16. Nxa6 Qxa6 17. Bh6 Ne4 18. Qe3 Bxh6 19. Qxh6 c5 20. Rhe1 Nxf2 21. Nxf7 e6 22. Ng5 Rf7 1-0

[Event "RUS-ch sf Urals 60th"]
[Site "Nizhnij Tagil"]
[Date "2007.03.16"]
[Round "3"]
[White "Abramov, Alexander"]
[Black "Sufiev, Rinat"]
[Result "1-0"]
[WhiteElo "2282"]
[BlackElo "2163"]
[PlyCount "95"]
[EventDate "2007.03.14"]
[EventType "swiss"]
[EventRounds "9"]
[EventCountry "RUS"]
[SourceTitle "CBM 117 Extra"]
[Source "ChessBase"]
[SourceDate "2007.05.09"]
[SourceVersion "1"]
[SourceVersionDate "2007.05.09"]
[SourceQuality "1"]

1. e4 c6 2. d4 d5 3. Nc3 g6 4. h3 Bg7 5. Nf3 Nh6 6. Bg5 Qb6 7. Qd2 dxe4 8. 0-0-0 Nf5 9. Nxe4 Be6 10. c4 Na6 11. c5 Qd8 12. g4 Qd5 13. Bxa6 bxa6 14. Qd3 Qxa2 15. gxf5 Bxf5 16. Rhe1 0-0 17. Nh4 Rab8 18. Qa3 Qd5 19. Nxf5 gxf5 20. Nc3 Qc4 21. Qa2 Rb3 22. Qa5 Rfb8 23. Rd2 Bxd4 24. Rg1 Kh8 25. Be3 e5 26. Bh6 R3b5 27. Qa4 Qxa4 28. Nxa4 Rg8 29. Rxg8+ Kxg8 30. Kc2 f6 31. Be3 Bxe3 32. fxe3 f4 33. exf4 exf4 34. Rd4 f3 35. Rf4 Kf7 36. Kc3 a5 37. Rxf3 Rb4 38. b3 Ke6 39. Rd3 Rh4 40. Nb2 Rh5 41. Rd6+ Ke7 42. Rxc6 Rxh3+ 43. Nd3 h5 44. Ra6 h4 45. Rxa5 Rg3 46. Rxa7+ Ke6 47. Rh7 h3 48. Kc4 1-0

[Event "Pardubice KB op"]
[Site "Pardubice"]
[Date "1997.07.21"]
[Round "5"]
[White "Sufiev, Rinat"]
[Black "Turov, Maxim"]
[Result "1/2-1/2"]
[WhiteElo "2330"]
[BlackElo "2415"]
[PlyCount "51"]
[EventDate "1997.07.17"]
[EventType "swiss"]
[EventRounds "9"]
[EventCountry "CZE"]
[SourceTitle "CBM 059 Extra"]
[Source "ChessBase"]
[SourceDate "1997.09.26"]
[SourceVersion "1"]
[SourceVersionDate "1997.09.26"]
[SourceQuality "1"]

1. Nf3 Nf6 2. c4 g6 3. Nc3 d5 4. cxd5 Nxd5 5. e4 Nxc3 6. dxc3 Qxd1+ 7. Kxd1 Bg4 8. Bf4 c6 9. Kc2 Bxf3 10. gxf3 Nd7 11. Bc4 e5 12. Be3 Bc5 13. Bh6 Bxf2 14. Rad1 Rd8 15. Rhf1 Bc5 16. f4 Bf8 17. Bg5 Be7 18. Bh6 Rg8 19. Rxd7 Rxd7 20. fxe5 Bf8 21. e6 fxe6 22. Bxe6 Bxh6 23. Bxg8 Bg5 24. Rf2 Rg7 25. Bc4 Re7 26. Kd3 1/2-1/2